LEADER 00910nas a2200229 i 4500 001 000000133534 003 CaOOAMICUS 005 20050203000000.0 008 050203b2004 it uu u0 0ita r 013 $a106553 040 $aSeMil$bita 245 10$a2004 :$bmarzo /$cDirettore scientifico Sadi Marhaba. 260 $aGardolo (TN) :$bErickson,$ccopyr. 2004. 300 $a134 p. :$bgrafici, tabelle ;$c24 cm. 700 1 $aMarhaba, Sadi.$0(OLS)http://semarc/name/5980 773 0 $tNuove Tendenze della Psicologia.$dGardolo (TN) : Erickson, 2003-2006.$x1722-6570$w()12557 774 0 $t[vedi periodico].$w()259761 850 $aSeMil 852 $aSeMil$W1$xVenegono$y1$m228 1 154$j87363$B87363$CSeMilBibl$Z2$F91141 $85 961 $aAbbonamento: Erickson Edizioni 996 $6245$a2004 :$bmarzo$9(OLS)http://semarc/title/195602 996 $6260$aGardolo (TN) :$bErickson$9(OLS)http://semarc/publisher/33474 LEADER 01175nam a2200193 i 4500 001 000000230267 003 CaOOAMICUS 005 20140603000000.0 008 140603s1619 xx u000 u lat u 013 $a209169 026 $anium 9.e- a.a. nebr (3) 1619 (R) 040 $aSeMil$bita 245 10$aTomus alter, continens posteriores commentariorum libros 7. id est, posteriora quinque & viginti capita: .. 300 $a[68], 690, [2] p. 500 $aSegn. : p4 a-e6 A-3L6 3M4. 773 0 $aPineda, Juan : de <1557?-1637>$tIoannis de Pineda Societatis Iesu, Commentariorum in Iob libri tredecim, in duos diuisi tomos variis capitibus, doctis colloquiis, et alternis certaminibus ornatos, ... praefationibus ad singulos libros, summariis ad quarumque sectionum initia, ... indice praeterea septemplici, ... cuiuis editioni commoda concinnato, locupletati. ..$dVenetiis : Apud Iacobum Sarzinam, 1619.$g2$w()30021 850 $aSeMil 852 $aSeMil$W1$xVenegono$y1$m2V V 20 FA$j180613$B180613$CSeMilBibl$Z2$F191596 $8I 996 $6245$aTomus alter, continens posteriores commentariorum libros 7. id est, posteriora quinque & viginti capita: ..$9(OLS)http://semarc/title/329033